| 000 | 00577nam a2200217 i 4500 | ||
|---|---|---|---|
| 001 | 41486 | ||
| 003 | ES-MaACL | ||
| 005 | 20230906160435.0 | ||
| 007 | t| | ||
| 008 | 170315s1994 sp |||| | spa d | ||
| 020 | _a84-7683-362-8 | ||
| 080 | _a323.21 | ||
| 080 | _a316.334.3 | ||
| 100 | 1 |
_aOrtiz, J. R. _9162083 |
|
| 245 | 1 | 3 |
_aLa sociedad universal / _cJ.R. Ortiz. |
| 260 |
_aMadrid : _bLibertarias, _c1994. |
||
| 300 |
_a413 p. ; _c25 cm. |
||
| 650 | 0 | 4 |
_aSociedad civil. _917170 |
| 650 | 0 | 4 |
_aSociologĂa polĂtica. _917215 |
| 852 |
_aES-MaACL _jL-31283 _z- enc. cart. |
||
| 999 |
_c41486 _d41486 |
||